Chargement en cours...

Stri Siksha Or Samajik Gatiseelatha

Détails bibliographiques
Auteur principal: Manoj, Chapadia
Format: Printed Book
Publié: New Dehi Serials publication 2008
Sujets:
LEADER 00435nam a22001217a 4500
082 |a 371.8220954  |b MAN.S 
100 |a Manoj, Chapadia. 
245 |a Stri Siksha Or Samajik Gatiseelatha 
260 |a New Dehi  |b Serials publication  |c 2008 
650 |a Education  |a Women education 
942 |c BK 
999 |c 12655  |d 12655 
952 |0 0  |1 0  |4 0  |6 371_822095400000000_MAN_S  |7 0  |9 14801  |a CAMPUS  |b CAMPUS  |d 2017-07-24  |l 0  |o 371.8220954 MAN.S  |p 13218  |r 2017-07-24  |w 2017-07-24  |y BK